Ed Sheeran Text Quiz - Statistiken

Allgemein
  • Dieses Quiz wurde 250 mal gespielt
  • Das Durchschnittsergebnis liegt bei 6 aus 12
Antwortstatistiken
Textquiz Lied % Korrekt
"She played the fiddle in an Irish band, but she fell in love with an English man" Galway Girl
87%
"I found a love for me" Perfect
83%
"The club isn't the best place to find a lover" Shape of You
73%
"When I was six years old I broke my leg" Castle On The Hill
72%
"Loving can hurt, loving can hurt sometimes" Photograph
71%
"Oh, misty eye of the mountain below" I See Fire
61%
"White lips, pale face, breathing in snowflakes" The A Team
59%
"Walking down 29th and Park I saw you in another's arms" Happier
52%
"When your legs don't work like they used to before" Thinking Out Loud
47%
"It's late in the evening, glass on the side" Sing
11%
"Maybe I came on too strong" Dive
9%
"Hit the corner, burnin' rubber like a stunt driver" Don`t
5%
Keine übereinstimmenden Quizze gefunden
Verteilung der Resultate
Anzahl Personen mit jedem Resultat
Perzentil nach korrekt beantworteten Fragen
Ihre Resultats-Entwicklung
Sie haben dieses Quiz noch nicht gespielt